QUEST Central Library Banner

Reearch methodology and basic biostatistics (Record no. 57973)

MARC details
000 -LEADER
fixed length control field 00251nam a22001097a 4500
082 ## - DEWEY DECIMAL CLASSIFICATION NUMBER
Classification number 001.424AFZ
100 ## - MAIN ENTRY--AUTHOR NAME
Personal name Afzal S
245 ## - TITLE STATEMENT
Title Reearch methodology and basic biostatistics
260 ## - PUBLICATION, DISTRIBUTION, ETC. (IMPRINT)
Place of publication karachi
Name of publisher Paramount Pub
Year of publication 2015
300 ## - PHYSICAL DESCRIPTION
Number of Pages 179
942 ## - ADDED ENTRY ELEMENTS (KOHA)
Koha item type Books
Holdings
Withdrawn status Lost status Home library Current library Date acquired Full call number Accession Number Koha item type
    Central Library, QUEST, Nawabshah Central Library, QUEST, Nawabshah 09/10/2017 001.424AFZ 56628 Books
    Central Library, QUEST, Nawabshah Central Library, QUEST, Nawabshah 09/10/2017 001.424AFZ 56629 Books

Copyright © 2018,The QUEST, Nawabshah, Shaheed Benazirabad. All rights reserved
Mr. G. Farooq Channar (Librarian) QUEST, Nawabshah, Sindh, Pakistan 67480.
 Ph#: |   0244-9370381-4 Ext. 2308   Email| lib@quest.edu.pk   Web|  http://www.quest.edu.pk